• 首页
  • 本馆介绍
  • 公告通知
  • 最新文献
  • 馆藏检索
  • 电子资源
  • 读者导购
  • 参考咨询
  • 我的图书馆
  • 登录
  • 详细信息显示
  • 放入我的书架
  • 预约/预借图书
  • 作者相关作品
  • 分类相关作品
  • 丛书相关作品
  • 出版社相关作品

书目信息

  • 表格格式
  • 工作单格式
  • 卡片格式
题名:
台湾经验与海峡两岸发展策略
    
 
作者: 徐滇庆 主编
分册:  
出版信息: 北京   中国经济出版社  1996
页数: 10,378页
开本: 20cm
丛书名:
单 册:
中图分类: F127.58 , F12
科图分类:
主题词: 经济发展--概况--台湾 , 经济--中国
电子资源:
ISBN: 7-5017-3678-2
000 00936nam0 2200277 45
001 0197001587
005 20061102170623.85
010    @a7-5017-3678-2@b精装@dCNY25.00
100    @a19970110d1996 emky0chiy0121 ea
101 0  @achi@eeng
102    @aCN@b110000
105    @ay z 000yy
200 10 @a台湾经验与海峡两岸发展策略@Atai wan jing yan yu hai xia liang an fa zhan ce lue@f徐滇庆主编
210    @a北京@c中国经济出版社@d1996
215    @a10,378页@d20cm
300    @a并列题名:Taiwan experience and development strategy of both sides of the strait
314    @a徐滇庆,加拿大西安大略大学休伦学院经济系教授
510 1  @aTaiwan experience and development strategy of both sides of the strait@zeng
606    @a经济发展@x概况@y台湾
606 0  @a经济@x中国
607    @a台湾@x概况
690    @aF127.58@v3
690    @aF12@v3
701  0 @a徐滇庆@Axu dian qing@4主编
801  0 @aCN@bTSSF@c20061102
905    @a10447@dF12@e104
    
    台湾经验与海峡两岸发展策略/徐滇庆主编.-北京:中国经济出版社,1996
    10,378页;20cm
    并列题名:Taiwan experience and development strategy of both sides of the strait
    
    ISBN 7-5017-3678-2(精装):CNY25.00
    
●
相关链接 在E读中查询图书 在五车中查询图书 在当当中查询图书 在豆瓣中查询图书


正题名:台湾经验与海峡两岸发展策略     索取号:F12/104         预约/预借

序号 登录号 条形码 馆藏地/架位号 状态 备注
1 0274455   002056722   第一样本阅览室/ [索取号:F12/104] 在馆    
唐山师范学院图书馆 欢迎您!
大连网信软件有限公司© 版权所有